Visualizzazione normale
Vista MARC
- Menken Alan
di Personal Name
Records bibliografici associati: 5
001 - CONTROL NUMBER
- control field: 27229
003 - CONTROL NUMBER IDENTIFIER
- control field: IT-RoPau
005 - DATE AND TIME OF LATEST TRANSACTION
- control field: 20140527104406.0
008 - FIXED-LENGTH DATA ELEMENTS
- fixed length control field: 140527|| aca||aabn | a|a d
040 ## - CATALOGING SOURCE
- Original cataloging agency: IT-RoPau
- Transcribing agency: IT-RoPau
100 ## - HEADING--PERSONAL NAME
- Personal name: Menken Alan
670 ## - SOURCE DATA FOUND
- Source citation: Work cat.: (IT-RoPau)103878: Menken Alan, Sirenetta (La)